Zonas francas y comercio internacional

Detalles Bibliográficos
Autor principal: Pita Grandal, Ana Mara̕
Otros Autores: Ruiz Hidalgo, Carmen
Formato: eBook
Lenguaje:español
Publicado: Madrid: Marcial Pons, 2020
Materias:
Acceso en línea:Acceso restringido

MARC

LEADER 00000nam a22000007a 4500
005 20211103212516.0
007 cr|||| ||||
008 211103s2020 es |||||s|||| 00||0 spa d
020 |a 978-84-9123-915-4 
035 |a 33658 
040 |a vLex 
090 |c 12633  |d 12633 
100 1 |a Pita Grandal, Ana Mara̕ 
245 1 0 |a Zonas francas y comercio internacional  |h [Recurso electrn̤ico] /  |c Ana Mara̕ Pita Grandal, Carmen Ruiz Hidalgo 
256 |a Servicio en ln̕ea 
260 |a Madrid:  |b Marcial Pons,  |c 2020 
300 |a 1 recurso electrn̤ico 
500 |a Las polt̕icas industriales de los pas̕es, as ̕como la competencia por atraer inversiones internacionales, han estimulado la creacin̤ de nuevas zonas econm̤icas especiales, desvinculǹdolas en cierta medida de la naturaleza aduanera que tuvieron en el siglo pasado, para configurarse como enclaves geogrf̀icos transformadores de la economa̕ regional que permiten acelerar la modernizacin̤ industrial. No obstante, existen numerosos ejemplos de zonas econm̤icas especiales que han seguido manteniendo el carc̀ter de zonas francas, si bien, se han especializado en nuevos sectores de actividad econm̤ica como las tecnolg̤icas, los servicios financieros o el turismo. Para incentivar la creacin̤ de estas zonas econm̤icas especiales, los Estados ofrecen subvenciones, beneficios fiscales y aduaneros, as ̕como normas laborales ms̀ flexibles y grandes inversiones en infraestructuras como el ferrocarril, carreteras, puertos y aeropuertos. Dentro de las zonas econm̤icas especiales, las Zonas Francas se encuentran en continua evolucin̤ y se enfrentan a nuevos retos en el difc̕il entorno de las polt̕icas comerciales actuales, caracterizadas por un aumento del proteccionismo. La Agenda 2030 para el logro de los Objetivos de Desarrollo Sostenible representa una gran oportunidad para las Zonas Francas: atraer inversiones en actividades relevantes con los ODS, adoptar normas ambientales ms̀ respetuosas y promover un crecimiento sostenible. Sin perder de vista la concepcin̤ cls̀ica de la Zona Franca como enclave aduanero, en esta monografa̕ se indaga, desde el punto del ordenamiento interno y de la Unin̤ Europea, el impacto que tienen en la economa̕ y en las cuentas pb︢lica. Asimismo, se analizan los aspectos internacionales de las Zonas Francas como instrumentos de fiscales de polica̕ econm̤ica en la OCDE o el OMC. 
506 1 |a Disponible solo en los productos indicados  |d vLex Global  |d vLex Global (Academic Edition, excluding Law Schools)  |d vLex Global (U.S. Academic Edition, Law Schools)  |d vLex Global (U.S. Academic Edition, excluding Law Schools)  |d vLex Global (Academic Edition, Law Schools) 
650 0 4 |a Comercio  |z Espaą 
650 0 4 |a Derecho Internacional  |z Espaą 
700 1 |a Ruiz Hidalgo, Carmen 
740 0 |a vLex Libros (Servicio en ln̕ea) 
856 4 0 |u https://app.vlex.com/#/sources/33658  |z Acceso restringido 
942 |c BOOK 
999 0 |a Trade 
999 0 |a International Law